000 00446nam a2200169 a 4500
001 0000-9331
003 ELIB.Books
008 110520 1982
035 _a(ELIB.Books)0000-9483
082 _a253.5
_bWor
100 _aWorthington Jr. Everett L.
245 _aWhen Someone Asks for Help
260 _bIllinois: Inter-varsity Press
_c1982
650 _aPastoral Theology
942 _2ddc
_cBK
998 _cbat
_e2011-05-20
999 _c9331
_d9331